Tu v chan uchal koi / (Record no. 525371)

000 -LEADER
fixed length control field 00457nam a22001697a 4500
003 - CONTROL NUMBER IDENTIFIER
control field NUST
038 ## - RECORD CONTENT LICENSOR
Staff Name Arshad
082 ## - DEWEY DECIMAL CLASSIFICATION NUMBER
Classification number 891.49108
Author Mark MAN
100 ## - MAIN ENTRY--PERSONAL NAME
Personal name Manzoor
9 (RLIN) 16223
245 ## - TITLE STATEMENT
Title Tu v chan uchal koi /
Statement of responsibility, etc. Manzoor
260 ## - PUBLICATION, DISTRIBUTION, ETC.
Place of publication, distribution, etc. Lahore :
Name of publisher, distributor, etc. Punjabi abad sanjh,
Date of publication, distribution, etc. 1985.
300 ## - PHYSICAL DESCRIPTION
Extent 160 p. ;
500 ## - GENERAL NOTE
General note Hardcover.
880 ## - ALTERNATE GRAPHIC REPRESENTATION
Linkage 100-01\r
Title منظور وزیرآبادی
880 ## - ALTERNATE GRAPHIC REPRESENTATION
Linkage 245-02\r
Title توں وی چن اچھا ل کوئی /
942 ## - ADDED ENTRY ELEMENTS (KOHA)
Source of classification or shelving scheme
Koha item type Book
Holdings
Withdrawn status Lost status Source of classification or shelving scheme Damaged status Not for loan Permanent Location Current Location Shelving location Date acquired Total Checkouts Full call number Barcode Date last seen Price effective from Koha item type
          Central Library (CL) Central Library (CL) Punjabi Literature 07/02/2019   891.49108 MAN CL-E-542 07/02/2019 07/02/2019 Book
© 2023 Central Library, National University of Sciences and Technology. All Rights Reserved.